[Event "225th YMCA Winter B"]
[Site "Warsaw"]
[Date "2020.02.14"]
[Round "4"]
[White "Sloniewska, Alicja"]
[Black "Dabrowski, Leszek"]
[Result "1-0"]
[WhiteElo "1683"]
[BlackElo "1598"]
[PlyCount "95"]
[EventDate "2020.01.08"]
[EventType "tourn"]
[EventRounds "1"]
[EventCountry "POL"]
[SourceDate "2020.01.08"]

1. d4 d5 2. c4 e6 3. Nc3 Nf6 4. cxd5 exd5 5. Bg5 Nbd7 6. e3 c6 7. Nf3 Bd6 8.
Bd3 O-O 9. O-O Qc7 10. Qc2 h6 11. Bh4 Re8 12. Rab1 a5 13. a3 b6 14. b4 Ba6 15.
Bg3 Bxd3 16. Qxd3 Bxg3 17. hxg3 axb4 18. axb4 Ra3 19. Nxd5 Rxd3 20. Nxc7 Rc8
21. Na6 Ra3 22. b5 cxb5 23. Nb4 Ra4 24. Nd3 Rc3 25. Rfd1 Raa3 26. Nde1 Rcb3 27.
Nc2 Rxb1 28. Rxb1 Ra2 29. Nb4 Ra4 30. Ne1 Ne4 31. Nd5 Ra2 32. Nd3 Rd2 33. Rb3
Kf8 34. Nc7 Ndf6 35. f3 Nxg3 36. Nxb5 Rd1+ 37. Kf2 Nfh5 38. e4 Rd2+ 39. Kg1
Rd1+ 40. Kf2 Rd2+ 41. Ke1 Rxg2 42. Nc3 Nf6 43. Rxb6 h5 44. Rb8+ Ke7 45. e5 Ne8
46. Nd5+ Kd7 47. Nc5+ Kc6 48. Ne7+ 1-0

[Event "225th YMCA Winter B"]
[Site "Warsaw"]
[Date "2020.01.30"]
[Round "4"]
[White "Kasperski, Marcin"]
[Black "Safanowski, Tomasz"]
[Result "1-0"]
[WhiteElo "1647"]
[BlackElo "1834"]
[PlyCount "73"]
[EventDate "2020.01.08"]
[EventType "tourn"]
[EventRounds "1"]
[EventCountry "POL"]
[SourceDate "2020.01.08"]

1. c4 c6 2. g3 Nf6 3. Bg2 d5 4. Nf3 Bf5 5. O-O e6 6. d3 dxc4 7. dxc4 Qxd1 8.
Rxd1 Nbd7 9. Bf4 h6 10. Nc3 g5 11. Be5 Bc5 12. Rxd7 Nxd7 13. Bxh8 f6 14. e4 Bg4
15. e5 Bxf3 16. Bxf3 Nxe5 17. Bh5+ Ke7 18. Bxf6+ Kxf6 19. Ne4+ Kf5 20. Nxc5 g4
21. h3 gxh3 22. Be2 b6 23. Nb3 c5 24. Rd1 h5 25. Nd2 h4 26. Nf1 hxg3 27. fxg3
Rf8 28. Kh2 Ng4+ 29. Bxg4+ Kxg4 30. Ne3+ Kg5 31. Rd2 Rh8 32. Rf2 Rd8 33. Kxh3
Rd3 34. Re2 a6 35. Ng2 Kf5 36. Rxe6 Rd1 37. Ne3+ 1-0

[Event "225th YMCA Winter B"]
[Site "Warsaw"]
[Date "2020.01.31"]
[Round "4"]
[White "Mazurek, Jerzy"]
[Black "Potocki, Karol"]
[Result "0-1"]
[WhiteElo "1672"]
[BlackElo "1845"]
[PlyCount "102"]
[EventDate "2020.01.08"]
[EventType "tourn"]
[EventRounds "1"]
[EventCountry "POL"]
[SourceDate "2020.01.08"]

1. e4 e6 2. d3 c5 3. Nf3 Nc6 4. g3 g6 5. Bg2 Bg7 6. O-O Nge7 7. c3 O-O 8. Be3
b6 9. d4 cxd4 10. Nxd4 Ba6 11. Re1 Ne5 12. b3 Nd3 13. Bf1 Nc5 14. Bxa6 Nxa6 15.
Nd2 Rc8 16. Rc1 Nc5 17. Qe2 e5 18. N4f3 d6 19. Bxc5 dxc5 20. Rcd1 Qc7 21. Nc4
Rfd8 22. Rxd8+ Rxd8 23. Rd1 f6 24. Ne3 Rxd1+ 25. Qxd1 Bh6 26. Nd5 Nxd5 27.
Qxd5+ Qf7 28. Kf1 Qxd5 29. exd5 e4 30. Ne1 c4 31. Ke2 cxb3 32. axb3 Kf7 33. c4
Ke7 34. Kd1 Kd6 35. Kc2 f5 36. Kc3 Bg7+ 37. Kd2 Kc5 38. Ng2 b5 39. Ne3 bxc4 40.
bxc4 a5 41. Kc2 Bd4 42. h4 a4 43. h5 Bxe3 44. fxe3 gxh5 45. Kc3 h6 46. Kc2 f4
47. exf4 a3 48. f5 a2 49. Kb2 e3 50. f6 e2 51. f7 a1=Q+ 0-1

[Event "225th YMCA Winter B"]
[Site "Warsaw"]
[Date "2020.01.31"]
[Round "4"]
[White "Kwiek, Janusz"]
[Black "Omar, Mohamed"]
[Result "1-0"]
[WhiteElo "1549"]
[BlackElo "1834"]
[PlyCount "115"]
[EventDate "2020.01.08"]
[EventType "tourn"]
[EventRounds "1"]
[EventCountry "POL"]
[SourceDate "2020.01.08"]

1. Nf3 d5 2. g3 c5 3. Bg2 Nc6 4. d4 cxd4 5. Nxd4 e5 6. Nxc6 bxc6 7. c4 Nf6 8.
cxd5 cxd5 9. Nc3 Be6 10. Bg5 Be7 11. Bxf6 gxf6 12. Bxd5 Rb8 13. Bc6+ Kf8 14.
Qxd8+ Bxd8 15. O-O-O Ba5 16. Bd5 Bf5 17. Bb3 Rc8 18. Bc2 Be6 19. Nd5 Kg7 20.
Kb1 Rc5 21. Bb3 Bf5+ 22. Ka1 Be6 23. e4 Rhc8 24. Kb1 f5 25. Ne7 R8c7 26. Nxf5+
Bxf5 27. exf5 Bb6 28. f3 R5c6 29. Rc1 f6 30. Rxc6 Rxc6 31. Rd1 Bd4 32. g4 Rc7
33. Rc1 Rxc1+ 34. Kxc1 Kf8 35. Bd5 Ke7 36. b4 Kd6 37. Be4 h6 38. Kc2 Bb6 39.
Kb3 a5 40. a4 axb4 41. Kxb4 Be3 42. Kb5 Bd4 43. a5 Be3 44. a6 Bf2 45. Kc4 Be3
46. Kd3 Bc5 47. Ke2 Kc7 48. Kf1 Kb6 49. Bd3 Be3 50. h4 Bf4 51. Ke2 Bc1 52. Bc4
Bf4 53. Kd3 Bg3 54. g5 fxg5 55. hxg5 hxg5 56. f6 Be1 57. Ke4 Bc3 58. f7 1-0

[Event "225th YMCA Winter B"]
[Site "Warsaw"]
[Date "2020.01.30"]
[Round "4"]
[White "Prus, Marek"]
[Black "Koziol, Pawel"]
[Result "1-0"]
[WhiteElo "1672"]
[BlackElo "1788"]
[PlyCount "47"]
[EventDate "2020.01.08"]
[EventType "tourn"]
[EventRounds "1"]
[EventCountry "POL"]
[SourceDate "2020.01.08"]

1. e4 c5 2. Nf3 e6 3. d4 cxd4 4. Nxd4 Nc6 5. Be3 Nf6 6. Nc3 Qc7 7. Be2 a6 8.
O-O Be7 9. f4 d6 10. Kh1 O-O 11. Qe1 Bd7 12. Qg3 Nxd4 13. Bxd4 Bc6 14. e5 dxe5
15. Bxe5 Qb6 16. Bd3 Rad8 17. f5 Rxd3 18. cxd3 exf5 19. Rxf5 Ne8 20. Ne4 f6 21.
Bc3 Bd6 22. Nxd6 Nxd6 23. Rxf6 Nf5 24. Rxf5 1-0

[Event "225th YMCA Winter B"]
[Site "Warsaw"]
[Date "2020.01.30"]
[Round "4"]
[White "Sypula, Krzysztof"]
[Black "Poniewierski, Piotr"]
[Result "0-1"]
[WhiteElo "1667"]
[BlackElo "1837"]
[PlyCount "64"]
[EventDate "2020.01.08"]
[EventType "tourn"]
[EventRounds "1"]
[EventCountry "POL"]
[SourceDate "2020.01.08"]

1. d4 d5 2. c4 c6 3. Nf3 Nf6 4. Qc2 g6 5. Bf4 Bf5 6. Qb3 Qb6 7. e3 Bg7 8. Nbd2
O-O 9. Be2 Nbd7 10. c5 Qxb3 11. Nxb3 Nh5 12. O-O f6 13. Na5 Nxf4 14. exf4 Rab8
15. Nh4 Be4 16. Rac1 g5 17. f3 gxh4 18. fxe4 dxe4 19. Bc4+ Kh8 20. Be6 Rfd8 21.
d5 Nf8 22. Bf7 Rdc8 23. f5 Bh6 24. Rc3 Bd2 25. Nb3 Bxc3 26. bxc3 Kg7 27. Be6
Nxe6 28. dxe6 Rd8 29. Nd4 Rd5 30. Rf4 Rxc5 31. Rg4+ Kh8 32. Rxe4 Rxc3 0-1

[Event "225th YMCA Winter B"]
[Site "Warsaw"]
[Date "2020.02.06"]
[Round "5"]
[White "Poniewierski, Piotr"]
[Black "Szukalski, Antoni"]
[Result "1-0"]
[WhiteElo "1837"]
[BlackElo "1752"]
[PlyCount "79"]
[EventDate "2020.01.08"]
[EventType "tourn"]
[EventRounds "1"]
[EventCountry "POL"]
[SourceDate "2020.01.08"]

1. Nf3 Nf6 2. c4 g6 3. g3 b6 4. Bg2 Bb7 5. d4 Bg7 6. Nc3 O-O 7. O-O d6 8. d5 c6
9. e4 Nbd7 10. Re1 Rc8 11. Nd4 cxd5 12. cxd5 Nb8 13. Be3 Qd7 14. h3 h6 15. Rc1
Kh7 16. b4 e5 17. Nde2 Rc4 18. Qb3 Rfc8 19. b5 R8c7 20. Qa3 Qd8 21. Qxa7 Bxd5
22. Bxb6 Rxa7 23. Bxd8 Bxe4 24. Bxf6 Bxg2 25. Bxg7 Bxh3 26. Bf8 d5 27. Nxd5
Rxc1 28. Nf6+ Kh8 29. Nxc1 Nd7 30. Nxd7 Rxd7 31. Bxh6 Kh7 32. Bg5 Kg7 33. Be3
Bg4 34. Nb3 f5 35. f4 e4 36. Kf2 Rd8 37. b6 Kf7 38. Bd4 Ra8 39. b7 Rxa2+ 40.
Ke3 1-0

[Event "225th YMCA Winter B"]
[Site "Warsaw"]
[Date "2020.02.06"]
[Round "5"]
[White "Omar, Mohamed"]
[Black "Prus, Marek"]
[Result "0-1"]
[WhiteElo "1834"]
[BlackElo "1672"]
[PlyCount "80"]
[EventDate "2020.01.08"]
[EventType "tourn"]
[EventRounds "1"]
[EventCountry "POL"]
[SourceDate "2020.01.08"]

1. f4 d5 2. Nf3 g6 3. e3 Bg7 4. d4 c5 5. c3 Nf6 6. Bd3 Nbd7 7. Nbd2 O-O 8. O-O
Ng4 9. Qe1 f5 10. h3 Ngf6 11. Ng5 c4 12. Nxc4 dxc4 13. Bxc4+ Kh8 14. Nf7+ Rxf7
15. Bxf7 Ne4 16. Qh4 Nf8 17. Bc4 Bf6 18. Qe1 e6 19. Bd3 Bh4 20. Qd1 Ng3 21. Rf3
b6 22. Kh2 Ne4 23. g3 Nxg3 24. Rxg3 Bxg3+ 25. Kxg3 Bb7 26. Be2 g5 27. Bf3 gxf4+
28. exf4 Rb8 29. Bxb7 Rxb7 30. Qf3 Rg7+ 31. Kh2 Ng6 32. Be3 Nh4 33. Qc6 Rg2+
34. Kh1 Rg3 35. Bg1 Rxh3+ 36. Bh2 Nf3 37. Kg2 Qg8+ 38. Kf2 Nxh2 39. Rg1 Rf3+
40. Qxf3 Qxg1+ 0-1

[Event "225th YMCA Winter B"]
[Site "Warsaw"]
[Date "2020.02.04"]
[Round "5"]
[White "Potocki, Karol"]
[Black "Kwiek, Janusz"]
[Result "1-0"]
[WhiteElo "1845"]
[BlackElo "1549"]
[PlyCount "65"]
[EventDate "2020.01.08"]
[EventType "tourn"]
[EventRounds "1"]
[EventCountry "POL"]
[SourceDate "2020.01.08"]

1. d4 Nf6 2. Nf3 d5 3. Bf4 e6 4. e3 Bd6 5. Bg3 Nbd7 6. Nbd2 Qe7 7. Ne5 O-O 8.
Bd3 c5 9. c3 c4 10. Bc2 Ne8 11. b3 cxb3 12. axb3 f6 13. Bxh7+ Kxh7 14. Qh5+ Kg8
15. Ng6 Qd8 16. Nf3 e5 17. dxe5 Nxe5 18. Bxe5 fxe5 19. Ng5 Qxg5 20. Qxg5 Rf6
21. h4 Bf5 22. h5 Rc8 23. Rxa7 Rxc3 24. O-O Rxb3 25. Ra8 Kf7 26. Rc1 Rb4 27.
Nh8+ Ke7 28. Rxe8+ Kxe8 29. Qxg7 Rf8 30. Ng6 Rg4 31. Qxb7 Bd7 32. Rc8+ Bxc8 33.
Qxc8+ 1-0

[Event "225th YMCA Winter B"]
[Site "Warsaw"]
[Date "2020.02.05"]
[Round "5"]
[White "Safanowski, Tomasz"]
[Black "Mazurek, Jerzy"]
[Result "1/2-1/2"]
[WhiteElo "1834"]
[BlackElo "1672"]
[PlyCount "31"]
[EventDate "2020.01.08"]
[EventType "tourn"]
[EventRounds "1"]
[EventCountry "POL"]
[SourceDate "2020.01.08"]

1. d4 d5 2. c4 e6 3. Nc3 Be7 4. Bf4 Nf6 5. e3 O-O 6. Rc1 Nbd7 7. Qb3 c5 8. Nf3
cxd4 9. exd4 dxc4 10. Bxc4 Nb6 11. O-O Nxc4 12. Qxc4 Nd5 13. Nxd5 Qxd5 14. Qxd5
exd5 15. Rfe1 Bb4 16. Re3 $11 1/2-1/2

[Event "225th YMCA Winter B"]
[Site "Warsaw"]
[Date "2020.02.06"]
[Round "5"]
[White "Dabrowski, Leszek"]
[Black "Kasperski, Marcin"]
[Result "1-0"]
[WhiteElo "1598"]
[BlackElo "1647"]
[PlyCount "135"]
[EventDate "2020.01.08"]
[EventType "tourn"]
[EventRounds "1"]
[EventCountry "POL"]
[SourceDate "2020.01.08"]

1. c4 Nf6 2. Nc3 g6 3. d4 d5 4. Nf3 Bg7 5. g3 O-O 6. cxd5 Nxd5 7. Nxd5 Qxd5 8.
Bg2 c5 9. O-O cxd4 10. Be3 Qb5 11. Nxd4 Qxb2 12. Qb3 Bxd4 13. Bxd4 Qxd4 14.
Bxb7 Be6 15. Qf3 Nd7 16. Bxa8 Nf6 17. Rfd1 Qb2 18. Rdb1 Qd2 19. Bc6 Bxa2 20.
Rd1 Qb2 21. Qe3 e6 22. Qxa7 Bc4 23. Bf3 Qb5 24. Rab1 Qe5 25. Qd4 Qxd4 26. Rxd4
Bd5 27. e4 Ba2 28. Rb2 e5 29. Rd6 Be6 30. Rb5 Nd7 31. Kg2 Rc8 32. h3 Rc4 33.
Bg4 Bxg4 34. hxg4 Nf8 35. Rxe5 Ne6 36. g5 Kg7 37. Rdxe6 fxe6 38. Rxe6 Kf7 39.
Re5 Ra4 40. Kf3 Ra3+ 41. Kg4 Ra2 42. f4 Re2 43. Kf3 Re1 44. Rb5 Rf1+ 45. Kg4
Re1 46. Rb7+ Kg8 47. Kf3 Kh8 48. f5 gxf5 49. exf5 Kg8 50. Rb6 Kf7 51. Rh6 Kg7
52. Kg4 Re4+ 53. Kf3 Re1 54. Kf2 Re5 55. g4 Re4 56. Kf3 Re1 57. Rh2 Kg8 58. Re2
Rf1+ 59. Ke4 Rg1 60. Ke5 Rxg4 61. Kf6 h5 62. Kg6 Kf8 63. f6 Rf4 64. Ra2 Ke8 65.
Ra8+ Kd7 66. f7 Ke6 67. f8=Q Rxf8 68. Rxf8 1-0

[Event "225th YMCA Winter B"]
[Site "Warsaw"]
[Date "2020.02.07"]
[Round "5"]
[White "Kalejta, Arkadiusz"]
[Black "Sloniewska, Alicja"]
[Result "1-0"]
[WhiteElo "1774"]
[BlackElo "1683"]
[PlyCount "69"]
[EventDate "2020.01.08"]
[EventType "tourn"]
[EventRounds "1"]
[EventCountry "POL"]
[SourceDate "2020.01.08"]

1. e4 c6 2. d4 d5 3. e5 Bf5 4. Nf3 e6 5. Be2 Nd7 6. O-O c5 7. c4 Ne7 8. Nc3
cxd4 9. Nb5 Nc6 10. cxd5 exd5 11. Bg5 Qb6 12. Nbxd4 Be6 13. Nxc6 bxc6 14. Nd4
c5 15. Nxe6 fxe6 16. Bh5+ g6 17. Qe2 Bg7 18. Bg4 O-O 19. Be7 Rfe8 20. Bd6 c4
21. Rad1 Nc5 22. Qe3 Nd3 23. Qh3 Nf4 24. Qf3 Nd3 25. Qh3 Nf4 26. Qg3 Nd3 27. b3
Bf8 28. bxc4 dxc4 29. Rb1 Qa6 30. Qh3 Nf4 31. Qf3 Nd5 32. Bxe6+ Rxe6 33. Qxd5
Rae8 34. Rb8 Qa4 35. Bxf8 1-0

[Event "225th YMCA Winter B"]
[Site "Warsaw"]
[Date "2020.02.13"]
[Round "6"]
[White "Szukalski, Antoni"]
[Black "Sloniewska, Alicja"]
[Result "1/2-1/2"]
[WhiteElo "1752"]
[BlackElo "1683"]
[PlyCount "56"]
[EventDate "2020.01.08"]
[EventType "tourn"]
[EventRounds "1"]
[EventCountry "POL"]
[SourceDate "2020.01.08"]

1. e4 c6 2. d4 d5 3. exd5 cxd5 4. Nf3 Bg4 5. Be2 e6 6. O-O Nf6 7. Nc3 Be7 8.
Bf4 O-O 9. Re1 Bxf3 10. Bxf3 Nc6 11. Ne2 b5 12. a3 a5 13. c3 b4 14. axb4 axb4
15. Qd3 Qb6 16. h3 Na5 17. Reb1 Nc4 18. Rxa8 Rxa8 19. b3 Na3 20. Ra1 bxc3 21.
Qxc3 Rf8 22. Bc1 Bb4 23. Qd3 Nb5 24. Bf4 Ne8 25. Ra4 Be7 26. Nc3 Nbd6 27. Ne2
Nb5 28. Nc3 Nbd6 1/2-1/2

[Event "225th YMCA Winter B"]
[Site "Warsaw"]
[Date "2020.02.13"]
[Round "6"]
[White "Kasperski, Marcin"]
[Black "Kalejta, Arkadiusz"]
[Result "1-0"]
[WhiteElo "1647"]
[BlackElo "1774"]
[PlyCount "69"]
[EventDate "2020.01.08"]
[EventType "tourn"]
[EventRounds "1"]
[EventCountry "POL"]
[SourceDate "2020.01.08"]

1. c4 c6 2. g3 Nf6 3. Bg2 d5 4. Nf3 dxc4 5. Na3 Qd5 6. O-O e5 7. Qc2 e4 8. Ne1
Bg4 9. d3 cxd3 10. exd3 Qh5 11. Qb3 b6 12. Nec2 Be6 13. Qa4 b5 14. Qd4 Bc5 15.
Qc3 Ng4 16. h3 Nf6 17. Re1 O-O 18. dxe4 Bxh3 19. Bxh3 Bxf2+ 20. Kxf2 Qxh3 21.
Qf3 Ng4+ 22. Ke2 Qh2+ 23. Kf1 f5 24. e5 Qh3+ 25. Qg2 Qh5 26. Kg1 Nd7 27. Bf4 g5
28. e6 Nc5 29. Bd6 f4 30. gxf4 gxf4 31. Re5 Rf5 32. Rxf5 Qxf5 33. Qxc6 Ne3 34.
Qxa8+ Kg7 35. Qf8+ 1-0

[Event "225th YMCA Winter B"]
[Site "Warsaw"]
[Date "2020.02.12"]
[Round "6"]
[White "Mazurek, Jerzy"]
[Black "Dabrowski, Leszek"]
[Result "1-0"]
[WhiteElo "1672"]
[BlackElo "1598"]
[PlyCount "35"]
[EventDate "2020.01.08"]
[EventType "tourn"]
[EventRounds "1"]
[EventCountry "POL"]
[SourceDate "2020.01.08"]

1. e4 e5 2. Nf3 Nc6 3. Bb5 a6 4. Ba4 Nf6 5. O-O Be7 6. Re1 b5 7. Bb3 O-O 8. a4
b4 9. d4 d6 10. h3 Bb7 11. a5 Re8 12. dxe5 Nxe5 13. Nxe5 dxe5 14. Nd2 Nxe4 15.
Bxf7+ Kxf7 16. Qf3+ Bf6 17. Nxe4 Kg8 18. Nxf6+ 1-0

[Event "225th YMCA Winter B"]
[Site "Warsaw"]
[Date "2020.02.14"]
[Round "6"]
[White "Kwiek, Janusz"]
[Black "Safanowski, Tomasz"]
[Result "0-1"]
[WhiteElo "1549"]
[BlackElo "1834"]
[PlyCount "140"]
[EventDate "2020.01.08"]
[EventType "tourn"]
[EventRounds "1"]
[EventCountry "POL"]
[SourceDate "2020.01.08"]

1. Nf3 d5 2. g3 g6 3. Bg2 Bg7 4. d4 b6 5. O-O Bb7 6. c3 Nf6 7. Nbd2 O-O 8. Re1
c5 9. Nb3 c4 10. Nbd2 Nbd7 11. Qc2 Qc7 12. Nf1 Ne4 13. Bf4 Qc8 14. Rad1 b5 15.
Ng5 Nxg5 16. Bxg5 Nf6 17. Qc1 Re8 18. Bh6 Bh8 19. h3 a5 20. Qf4 b4 21. Nd2 a4
22. a3 bxc3 23. bxc3 Bc6 24. Rb1 Rb8 25. Rxb8 Qxb8 26. Rb1 Qxf4 27. Bxf4 Rc8
28. e3 Nd7 29. e4 e6 30. exd5 exd5 31. Rb4 Bg7 32. Rb2 Bf8 33. Nb1 f6 34. Bf3
g5 35. Bc1 Rb8 36. Rxb8 Nxb8 37. Bd1 Kf7 38. f4 h6 39. Kf2 Ke6 40. Bc2 Na6 41.
Kf3 Nc7 42. f5+ Kd6 43. g4 Kd7 44. h4 Nb5 45. hxg5 hxg5 46. Ke3 Bd6 47. Kf3 Ke7
48. Kf2 Bc7 49. Bxa4 Nxd4 50. Bxc6 Nxc6 51. a4 Ne5 52. Ba3+ Kd7 53. Kg3 Nd3+
54. Kf3 Kc6 55. Be7 Ne5+ 56. Ke3 Nxg4+ 57. Ke2 Kd7 58. Bb4 Nh6 59. a5 Nxf5 60.
Na3 Kc6 61. Nc2 Kb5 62. Na3+ Ka6 63. Kf3 Nh6 64. Bf8 g4+ 65. Kg2 Nf5 66. Nc2
Bxa5 67. Bb4 Kb5 68. Bxa5 Kxa5 69. Nb4 d4 70. Nc6+ Kb5 0-1

[Event "225th YMCA Winter B"]
[Site "Warsaw"]
[Date "2020.03.03"]
[Round "6"]
[White "Prus, Marek"]
[Black "Potocki, Karol"]
[Result "1/2-1/2"]
[WhiteElo "1672"]
[BlackElo "1845"]
[PlyCount "45"]
[EventDate "2020.01.08"]
[EventType "tourn"]
[EventRounds "1"]
[EventCountry "POL"]
[SourceDate "2020.01.08"]

1. e4 e6 2. d4 d5 3. Nd2 c5 4. exd5 Qxd5 5. Ngf3 cxd4 6. Nb3 Nf6 7. Qxd4 Nc6 8.
Qxd5 Nxd5 9. c3 Be7 10. Bd3 e5 11. Be4 Be6 12. Ng5 O-O-O 13. Nxe6 fxe6 14. O-O
Kc7 15. a4 h5 16. a5 g5 17. Bd2 g4 18. Rfe1 Bd6 19. Rad1 Nf4 20. Bxf4 exf4 21.
Bxc6 bxc6 22. Nd4 Rd7 23. Nxe6+ $11 1/2-1/2

[Event "225th YMCA Winter B"]
[Site "Warsaw"]
[Date "2020.02.13"]
[Round "6"]
[White "Poniewierski, Piotr"]
[Black "Koziol, Pawel"]
[Result "1-0"]
[WhiteElo "1837"]
[BlackElo "1788"]
[PlyCount "57"]
[EventDate "2020.01.08"]
[EventType "tourn"]
[EventRounds "1"]
[EventCountry "POL"]
[SourceDate "2020.01.08"]

1. Nf3 d6 2. g3 e5 3. c4 f5 4. d3 Nf6 5. Nc3 Be7 6. Bg2 O-O 7. O-O Nc6 8. Rb1
a5 9. a3 Qe8 10. b4 axb4 11. axb4 Qh5 12. b5 Nd8 13. Nd5 Nxd5 14. cxd5 Nf7 15.
Qc2 Bd8 16. Bb2 Bd7 17. Qc4 Kh8 18. Ra1 Rxa1 19. Rxa1 Nh6 20. Ra8 Qf7 21. Rxd8
Rxd8 22. Qxc7 Qe7 23. Qxb7 e4 24. dxe4 Qxe4 25. Qc7 Qe7 26. Nd4 Rc8 27. Qa7 Qd8
28. Ne6 Ra8 29. Qb7 1-0

[Event "225th YMCA Winter B"]
[Site "Warsaw"]
[Date "2020.02.07"]
[Round "7"]
[White "Koziol, Pawel"]
[Black "Szukalski, Antoni"]
[Result "1/2-1/2"]
[WhiteElo "1788"]
[BlackElo "1752"]
[PlyCount "51"]
[EventDate "2020.01.08"]
[EventType "tourn"]
[EventRounds "1"]
[EventCountry "POL"]
[SourceDate "2020.01.08"]

1. c4 Nf6 2. g3 e6 3. Bg2 d5 4. Nf3 c5 5. O-O Nc6 6. cxd5 exd5 7. d4 Be7 8. Nc3
O-O 9. Bg5 c4 10. Ne5 h6 11. Bxf6 Bxf6 12. Nxd5 Nxe5 13. Nxf6+ Qxf6 14. dxe5
Qxe5 $11 15. Qc2 Be6 16. Rfd1 Rab8 17. a4 b5 18. axb5 Rxb5 19. Qc3 Qxe2 20. Rd2
Qe5 21. Qxe5 Rxe5 22. f4 Rb5 23. Rxa7 Bf5 24. Rc7 Bd3 25. Bf1 Rfb8 26. Bxd3 $11
1/2-1/2

[Event "225th YMCA Winter B"]
[Site "Warsaw"]
[Date "2020.02.25"]
[Round "7"]
[White "Potocki, Karol"]
[Black "Sypula, Krzysztof"]
[Result "1-0"]
[WhiteElo "1845"]
[BlackElo "1667"]
[PlyCount "173"]
[EventDate "2020.01.08"]
[EventType "tourn"]
[EventRounds "1"]
[EventCountry "POL"]
[SourceDate "2020.01.08"]

1. d4 c5 2. c3 e6 3. Nf3 Nf6 4. Bf4 Nc6 5. e3 d5 6. Nbd2 cxd4 7. cxd4 Bd6 8.
Bg3 O-O 9. Bd3 b6 10. Ne5 Bb7 11. h3 g6 12. O-O Nh5 13. Bh2 f5 14. Ndf3 Nf6 15.
Qa4 Nb4 16. Be2 a6 17. Rfc1 b5 18. Qd1 Qb6 19. a3 Nc6 20. Nxc6 Bxh2+ 21. Kxh2
Bxc6 22. Ne5 Rac8 23. Rc2 Bb7 24. Rac1 Qd6 25. Rxc8 Rxc8 26. Rxc8+ Bxc8 27. Qc2
Bb7 28. f4 Ne8 29. g4 Qc7 30. Qxc7 Nxc7 31. Kg3 Kg7 32. Kf2 a5 33. g5 b4 34.
Ke1 bxa3 35. bxa3 Ba6 36. Bxa6 Nxa6 37. Kd2 Nc7 38. Nd3 Nb5 39. Nc5 Kf7 40. Nb7
a4 41. Nc5 Nxa3 42. Nxa4 Nc4+ $11 43. Kd3 Ke7 44. h4 Kf7 45. Nc5 Ke7 46. Ke2
Nb2 47. Nb3 Nc4 48. Kf3 Kf7 49. Nc5 Nd2+ 50. Ke2 Nc4 51. Nd3 Ke7 52. Nf2 Kf7
53. Nh1 Ke7 54. Ng3 Kf7 55. h5 Kg7 56. h6+ Kf7 57. Nh1 Ke7 58. Nf2 Nb2 59. Nh3
Nc4 60. Ng1 Kd7 61. Nf3 Ke7 62. Kd3 Nb2+ 63. Kd2 Nc4+ 64. Ke2 Kf7 65. Nh4 Nb2
66. Ng2 Ke7 67. Kd2 Nc4+ 68. Kc3 Nd6 69. Kb4 Ne4 70. Kb5 Nc3+ 71. Kc6 Nd1 72.
Kc7 Nc3 73. Nh4 Nb5+ 74. Kc6 Nd6 75. Nf3 Nc4 76. Ne5 Nxe3 77. Nxg6+ Kf7 78.
Ne5+ Kg8 79. Kd7 Nc2 80. Nf3 Kf7 81. Ne5+ Kg8 82. Nc6 Kf7 83. Nd8+ Kg6 84. Nxe6
Ne3 85. Nf8+ Kf7 86. Ne6 Ng2 87. Kd6 1-0

[Event "225th YMCA Winter B"]
[Site "Warsaw"]
[Date "2020.02.28"]
[Round "7"]
[White "Safanowski, Tomasz"]
[Black "Prus, Marek"]
[Result "1/2-1/2"]
[WhiteElo "1834"]
[BlackElo "1672"]
[PlyCount "22"]
[EventDate "2020.01.08"]
[EventType "tourn"]
[EventRounds "1"]
[EventCountry "POL"]
[SourceDate "2020.01.08"]

1. e4 c5 2. Nf3 d6 3. d4 cxd4 4. Nxd4 Nf6 5. Nc3 a6 6. Bg5 e6 7. f4 Be7 8. Qf3
Qc7 9. O-O-O Nbd7 10. g4 b5 11. Bxf6 Nxf6 $11 1/2-1/2

[Event "225th YMCA Winter B"]
[Site "Warsaw"]
[Date "2020.02.25"]
[Round "7"]
[White "Dabrowski, Leszek"]
[Black "Kwiek, Janusz"]
[Result "0-1"]
[WhiteElo "1598"]
[BlackElo "1549"]
[PlyCount "102"]
[EventDate "2020.01.08"]
[EventType "tourn"]
[EventRounds "1"]
[EventCountry "POL"]
[SourceDate "2020.01.08"]

1. c4 c5 2. Nc3 Nf6 3. Nf3 Nc6 4. g3 g6 5. Bg2 Bg7 6. O-O O-O 7. Rb1 d5 8. cxd5
Nxd5 9. a3 Nxc3 10. bxc3 Rb8 11. a4 Bf5 12. Rb5 b6 13. Nh4 Bd7 14. Qc2 Ne5 15.
Rb1 Bc6 16. Bh3 Qd5 17. Bg2 Qd7 18. Bxc6 Qxc6 19. d3 Rbd8 20. c4 f5 21. Bd2 Rd7
22. a5 Rb7 23. axb6 Rxb6 24. Rb3 Rfb8 25. Rfb1 Rxb3 26. Rxb3 Rxb3 27. Qxb3 Qb6
28. Qa3 Kf7 29. Qa2 Nc6 30. Nf3 h6 31. e3 e6 32. Kg2 g5 33. h3 Ke7 34. Qa3 Kf7
35. Bc3 g4 36. hxg4 fxg4 37. Nd2 Bxc3 38. Qxc3 Qb4 39. Ne4 Qxc3 40. Nxc3 Ne5
41. Na4 Nxd3 42. Kf1 e5 43. e4 Ke7 44. Ke2 Nb4 45. Nxc5 Kd6 46. Nb3 Na6 47. Ke3
Nc5 48. Nc1 a5 49. Na2 Na4 50. Kd2 Kc5 51. Kd3 Nb2+ 0-1

[Event "225th YMCA Winter B"]
[Site "Warsaw"]
[Date "2020.01.19"]
[Round "7"]
[White "Kalejta, Arkadiusz"]
[Black "Mazurek, Jerzy"]
[Result "1/2-1/2"]
[WhiteElo "1774"]
[BlackElo "1672"]
[PlyCount "58"]
[EventDate "2020.01.08"]
[EventType "tourn"]
[EventRounds "1"]
[EventCountry "POL"]
[SourceDate "2020.01.08"]

1. e4 e5 2. Nf3 Nc6 3. Bb5 a6 4. Ba4 Nf6 5. O-O Nxe4 6. d4 b5 7. Bb3 d5 8. dxe5
Be6 9. Nbd2 Nc5 10. c3 Be7 11. Bc2 d4 12. Nb3 d3 13. Bb1 Nxb3 14. axb3 Bf5 15.
Be3 O-O 16. Nd4 Nxd4 17. cxd4 Qd5 18. Bxd3 Bxd3 19. Qxd3 c5 20. Rfd1 Rfd8 21.
Qc3 Rac8 22. h3 b4 23. Qd3 Rc6 24. Rxa6 Rxa6 25. Qxa6 Qxb3 26. Qa1 f6 27. e6
cxd4 28. Rxd4 Rxd4 29. Bxd4 Qxe6 $11 1/2-1/2

[Event "225th YMCA Winter B"]
[Site "Warsaw"]
[Date "2020.02.18"]
[Round "7"]
[White "Sloniewska, Alicja"]
[Black "Kasperski, Marcin"]
[Result "1/2-1/2"]
[WhiteElo "1683"]
[BlackElo "1647"]
[PlyCount "96"]
[EventDate "2020.01.08"]
[EventType "tourn"]
[EventRounds "1"]
[EventCountry "POL"]
[SourceDate "2020.01.08"]

1. d4 Nf6 2. c4 g6 3. Nc3 d5 4. Bg5 Ne4 5. Nxe4 dxe4 6. e3 Bg7 7. Qc2 c6 8. Ne2
Qa5+ 9. Nc3 Qxg5 10. Nxe4 Qa5+ 11. Nc3 O-O 12. Be2 Nd7 13. O-O Nf6 14. a3 Qc7
15. Rad1 Ng4 16. Bxg4 Bxg4 17. Ne2 Rad8 18. h3 Bxe2 19. Qxe2 e6 20. b4 Rd7 21.
Rd3 Rfd8 22. Rfd1 b5 23. Qc2 Qb7 24. a4 bxa4 25. Qxa4 Bf8 26. c5 Rb8 27. Rb3
Qb5 28. Qa1 a5 29. Rdb1 a4 30. Ra3 Ra8 31. Rb2 Rda7 32. Qd1 Qc4 33. Qa1 Bg7 34.
Qa2 Qb5 35. Rb1 f5 36. Qxe6+ $11 Kh8 37. g3 Ra6 38. Qa2 Qb7 39. Qc2 Kg8 40.
Qc4+ Qf7 41. Qc2 Qd7 42. Rba1 f4 43. gxf4 Qxh3 44. Rxa4 Rxa4 45. Rxa4 Qg4+ 46.
Kf1 Re8 47. Qa2+ $11 Kf8 48. Ra7 Qd1+ $11 1/2-1/2